| 000 | 00871nam a2200217 a 4500 | ||
|---|---|---|---|
| 003 | 0 | ||
| 005 | 20250206154941.0 | ||
| 008 | 130729s19uu xx 00 eng d | ||
| 050 |
_aPHS BF 637.C45 _b.D582 2013 |
||
| 100 | _aDimaculangan, Antonella M. | ||
| 245 |
_aThe interpersonal communication skills of grade 11 male and female students / _cAntonella M. Dimaculangan. |
||
| 260 |
_aLas PiƱas City, Philippines : _bSouthville International School and Colleges, _c2013. |
||
| 300 |
_a23 pages : _billustrations ; _c28 cm. |
||
| 504 | _aIncludes bibliographical references. | ||
| 650 | _aInterpersonal communication in adolescence. | ||
| 650 |
_aCommunication skills _vGender differences. |
||
| 650 |
_aHigh school students _vCommunication. |
||
| 650 | _aVerbal and nonverbal communication. | ||
| 650 |
_aSocial interaction _vEducational aspects. |
||
| 942 |
_2lcc _cPASS |
||
| 999 |
_c98920 _d98920 |
||